University Home | Library Home | Institutional Repository

Election law : (Record no. 81948)

MARC details
000 -LEADER
fixed length control field 00990cam0a220027700 4500
001 - CONTROL NUMBER
control field qce01067345
005 - DATE AND TIME OF LATEST TRANSACTION
control field 20190816092234.0
008 - FIXED-LENGTH DATA ELEMENTS--GENERAL INFORMATION
fixed length control field 750925s1962 nyu 000 0 eng
010 ## - LIBRARY OF CONGRESS CONTROL NUMBER
LC control number 62053617
035 ## - SYSTEM CONTROL NUMBER
System control number (Sirsi) r81167
035 ## - SYSTEM CONTROL NUMBER
System control number (QCAT)lss01008897
035 ## - SYSTEM CONTROL NUMBER
System control number (UPRA)qce01067345
040 ## - CATALOGING SOURCE
Modifying agency UPRA
082 ## - DEWEY DECIMAL CLASSIFICATION NUMBER
Classification number 324.747
100 1# - MAIN ENTRY--PERSONAL NAME
Personal name Gassman, Benjamin, 1894-
Dates associated with a name Gassman, Benjamin, 1894-
Linkage A40860.1
245 10 - TITLE STATEMENT
Title Election law :
Remainder of title decisions and procedure.
250 ## - EDITION STATEMENT
Edition statement 2nd ed.
260 ## - PUBLICATION, DISTRIBUTION, ETC.
Place of publication, distribution, etc. Albany :
Name of publisher, distributor, etc. Williams Press,
Date of publication, distribution, etc. 1962.
500 ## - GENERAL NOTE
General note First published in 1935 under title: The ABC of the direct primary law.
500 ## - GENERAL NOTE
General note Kept up to date by cummulative pocket supplements.
650 #0 - SUBJECT ADDED ENTRY--TOPICAL TERM
Topical term or geographic name entry element Election law -- New York (State)
Geographic subdivision Election law -- New York (State)
Linkage S32425.1
949 ## - LOCAL PROCESSING INFORMATION (OCLC)
a KB24
w lcc
i -112378
m MAIN
t BOOK
l ON-SHELF
949 ## - LOCAL PROCESSING INFORMATION (OCLC)
a KB24
w lcc
i -112379
m MAIN
t BOOK
l ON-SHELF
949 ## - LOCAL PROCESSING INFORMATION (OCLC)
a KB24
w lcc
i 33729001791412
m MAIN
p 2500
t BOOK
l ON-SHELF

No items available.

© 2026 - The University of Zambia Library - Koha v25.11